<?xml version="1.0" encoding="UTF-8"?>
<collection xmlns="http://www.loc.gov/MARC21/slim">
 <record>
  <leader>02252nam a22002537a 4500</leader>
  <controlfield tag="001">NCT_4_015924</controlfield>
  <controlfield tag="008">250116b        xxu||||| |||| 00| 0 vie d</controlfield>
  <datafield tag="999" ind1=" " ind2=" ">
   <subfield code="c">8758</subfield>
   <subfield code="d">8758</subfield>
  </datafield>
  <datafield tag="020" ind1=" " ind2=" ">
   <subfield code="a">8935278600756</subfield>
   <subfield code="c">160000</subfield>
  </datafield>
  <datafield tag="082" ind1="0" ind2="4">
   <subfield code="2">23rd ed.</subfield>
   <subfield code="a">658.11</subfield>
   <subfield code="b">L642</subfield>
  </datafield>
  <datafield tag="100" ind1="1" ind2=" ">
   <subfield code="a">Lester, David</subfield>
  </datafield>
  <datafield tag="245" ind1="1" ind2="0">
   <subfield code="a">Những đế chế công nghệ số</subfield>
   <subfield code="b">25 ý tưởng độc đáo dẫn đến những đế chế công nghệ số thành công = How they started digital : How 25 good ideas became spectacular digital business</subfield>
   <subfield code="c">David Lester ; Phạm Huỳnh Thanh Như Dịch</subfield>
  </datafield>
  <datafield tag="260" ind1=" " ind2=" ">
   <subfield code="a">H.</subfield>
   <subfield code="b">Thế giới</subfield>
   <subfield code="c">2020</subfield>
  </datafield>
  <datafield tag="300" ind1=" " ind2=" ">
   <subfield code="a">410 tr.</subfield>
   <subfield code="b">Minh họa</subfield>
   <subfield code="c">24 cm</subfield>
  </datafield>
  <datafield tag="520" ind1="3" ind2=" ">
   <subfield code="a">Chia sẻ 25 ý tưởng độc đáo của các công ty khởi nghiệp sáng giá nhất trong lĩnh vực kinh doanh công nghệ số, để trở thành những đế chế công nghệ số thành công ở các lĩnh vực như: giả trí, mạng truyền thông xã hội, kênh thông tin và thư giãn, bán lẻ, tài chính và các trang so sánh giá, công nghệ qua đó giúp bạn có được những ý tưởng khởi nghiệp đột phá và xây dựng mô hình kinh doanh hiệu quả</subfield>
  </datafield>
  <datafield tag="653" ind1=" " ind2=" ">
   <subfield code="a">Truyền thông đa phương tiện</subfield>
  </datafield>
  <datafield tag="700" ind1="1" ind2=" ">
   <subfield code="a">Phạm Huỳnh Thanh Như</subfield>
   <subfield code="e">Dịch</subfield>
  </datafield>
  <datafield tag="942" ind1=" " ind2=" ">
   <subfield code="2">ddc</subfield>
   <subfield code="c">BK</subfield>
  </datafield>
  <datafield tag="952" ind1=" " ind2=" ">
   <subfield code="0">0</subfield>
   <subfield code="1">0</subfield>
   <subfield code="2">ddc</subfield>
   <subfield code="4">0</subfield>
   <subfield code="6">658_110000000000000_L642</subfield>
   <subfield code="7">0</subfield>
   <subfield code="9">30080</subfield>
   <subfield code="a">000001</subfield>
   <subfield code="b">000001</subfield>
   <subfield code="d">2025-01-16</subfield>
   <subfield code="o">658.11 L642</subfield>
   <subfield code="p">MD.23390</subfield>
   <subfield code="r">2025-01-16</subfield>
   <subfield code="v">160000.00</subfield>
   <subfield code="w">2025-01-16</subfield>
   <subfield code="y">BK</subfield>
  </datafield>
  <datafield tag="952" ind1=" " ind2=" ">
   <subfield code="0">0</subfield>
   <subfield code="1">0</subfield>
   <subfield code="2">ddc</subfield>
   <subfield code="4">0</subfield>
   <subfield code="6">658_110000000000000_L642</subfield>
   <subfield code="7">0</subfield>
   <subfield code="9">30081</subfield>
   <subfield code="a">000001</subfield>
   <subfield code="b">000001</subfield>
   <subfield code="d">2025-01-16</subfield>
   <subfield code="o">658.11 L642</subfield>
   <subfield code="p">MD.23391</subfield>
   <subfield code="r">2025-01-16</subfield>
   <subfield code="v">160000.00</subfield>
   <subfield code="w">2025-01-16</subfield>
   <subfield code="y">BK</subfield>
  </datafield>
  <datafield tag="952" ind1=" " ind2=" ">
   <subfield code="0">0</subfield>
   <subfield code="1">0</subfield>
   <subfield code="2">ddc</subfield>
   <subfield code="4">0</subfield>
   <subfield code="6">658_110000000000000_L642</subfield>
   <subfield code="7">0</subfield>
   <subfield code="9">30082</subfield>
   <subfield code="a">000001</subfield>
   <subfield code="b">000001</subfield>
   <subfield code="d">2025-01-16</subfield>
   <subfield code="o">658.11 L642</subfield>
   <subfield code="p">MD.23392</subfield>
   <subfield code="r">2025-01-16</subfield>
   <subfield code="v">160000.00</subfield>
   <subfield code="w">2025-01-16</subfield>
   <subfield code="y">BK</subfield>
  </datafield>
  <datafield tag="952" ind1=" " ind2=" ">
   <subfield code="0">0</subfield>
   <subfield code="1">0</subfield>
   <subfield code="2">ddc</subfield>
   <subfield code="4">0</subfield>
   <subfield code="6">658_110000000000000_L642</subfield>
   <subfield code="7">0</subfield>
   <subfield code="9">30083</subfield>
   <subfield code="a">000001</subfield>
   <subfield code="b">000001</subfield>
   <subfield code="d">2025-01-16</subfield>
   <subfield code="o">658.11 L642</subfield>
   <subfield code="p">MD.23393</subfield>
   <subfield code="r">2025-01-16</subfield>
   <subfield code="v">160000.00</subfield>
   <subfield code="w">2025-01-16</subfield>
   <subfield code="y">BK</subfield>
  </datafield>
  <datafield tag="952" ind1=" " ind2=" ">
   <subfield code="0">0</subfield>
   <subfield code="1">0</subfield>
   <subfield code="2">ddc</subfield>
   <subfield code="4">0</subfield>
   <subfield code="6">658_110000000000000_L642</subfield>
   <subfield code="7">0</subfield>
   <subfield code="9">30084</subfield>
   <subfield code="a">000001</subfield>
   <subfield code="b">000001</subfield>
   <subfield code="d">2025-01-16</subfield>
   <subfield code="o">658.11 L642</subfield>
   <subfield code="p">MD.23394</subfield>
   <subfield code="r">2025-01-16</subfield>
   <subfield code="v">160000.00</subfield>
   <subfield code="w">2025-01-16</subfield>
   <subfield code="y">BK</subfield>
  </datafield>
  <datafield tag="980" ind1=" " ind2=" ">
   <subfield code="a">Thư viện Trường Đại học Nam Cần Thơ</subfield>
  </datafield>
 </record>
</collection>
